000 00643nam a2200193Ia 4500
003 GCL
008 140319s9999 xx 000 0 ara d
040 _aGCL /
_cGCL
082 0 4 _a811093
_bع م
100 1 _aعمر فاروق الطباع
245 1 0 _aمواقف فى الادب الاموى : تحليل , دراسة, منتجات /
_cعمر فاروق الطباع
260 _aالقاهرة :
_bدار القلم ،
_c1991
300 _a362 ص ؛
_c25 س م
490 _a
650 0 4 _aالادب العربى
650 0 4 _aالنثر العربى
650 0 4 _aالشعر العربى - تاريخ ونقد
942 _2ddc
_cBK
999 _c39150
_d39150